000 00708nam a2200193 4500
001 136304
003 ES-MaACL
005 20250925063042.0
007 t|
008 070214s1944 sp r ||||1| spa d
100 1 _aRumeu de Armas, Antonio,
_d1912-2006
_9100991
245 1 0 _aHistoria de la previsión social en España
_b: cofradías, gremios, hermandades, montepíos /
_cAntonio Rumeu de Armas.
260 _aMadrid :
_bRevista de Derecho Privado,
_c23 cm.
300 _a709 p. ;
_c23 cm.
490 1 _aRevista de Derecho Privado. Serie G. Manuales de Derecho ;
_v11
830 0 0 _aRevista de derecho privado
_v11
_9232247
852 _aES-MaACL
_jF-16153
_bR.20969
999 _c136304
_d136304